ბათუმის შოთა რუსთაველის სახელმწიფო უნივერსიტეტის ბიბლიოთეკა

Экономика и организация научно-исследовательских работ в машиностроении. (ბიბ.ჩანაწერი № 38735)

000 -LEADER
fixed length control field 00767nam a2200205Ia 4500
001 - CONTROL NUMBER
control field 5052
003 - CONTROL NUMBER IDENTIFIER
control field GE_BSU
008 - FIXED-LENGTH DATA ELEMENTS--GENERAL INFORMATION
fixed length control field 181216s||||||||xx |||||||||||||| ||und||
040 ## - CATALOGING SOURCE
Transcribing agency GE_BSU
080 ## - UNIVERSAL DECIMAL CLASSIFICATION NUMBER
Universal Decimal Classification number 658
100 ## - MAIN ENTRY--PERSONAL NAME
Personal name Тямшанский,Н.Д.
245 ## - TITLE STATEMENT
Title Экономика и организация научно-исследовательских работ в машиностроении.
245 ## - TITLE STATEMENT
Statement of responsibility, etc. Ред. А.Н.Демьянович.
260 ## - PUBLICATION, DISTRIBUTION, ETC.
Place of publication, distribution, etc. Л.
260 ## - PUBLICATION, DISTRIBUTION, ETC.
Name of publisher, distributor, etc. Машиностроение.
260 ## - PUBLICATION, DISTRIBUTION, ETC.
Date of publication, distribution, etc. 1967.
300 ## - PHYSICAL DESCRIPTION
Extent 195 стр. 22 см. Библиогр.: стр.192-193.
653 ## - INDEX TERM--UNCONTROLLED
Uncontrolled term Экономика и организация научно-исследовательских работ в машиностроении
942 ## - ADDED ENTRY ELEMENTS (KOHA)
Koha item type წიგნი
ეგზემპლარები
Withdrawn status Lost status Damaged status Not for loan Date acquired Barcode Date last seen Price effective from Koha item type
        2018-12-17 11090 2018-12-17 2018-12-17 წიგნი